00586nam a2200157Ia 4500003000900000008004100009020002600050020002700076040001600103100002800119245009100147260003200238300002000270490003400290856010400324IN-BaIIA211028s9999 xx s 000 0 eng d a9781510610095 (Print) a9781510610101 (Online) cIIA Library aSchuoecker, Dieter, ed. 0aXXI International Symposium on High Power Laser Systems and Applications 2016h[eBook] aWashington, USAbSPIEc2017 aOnline resource aProceedings of SPIE; V. 10254 uhttps://www.spiedigitallibrary.org/conference-proceedings-of-spie/10254yClick Here to Access eBook